000 00289nam a2200121Ia 4500
008 240731s9999 xx 000 0 und d
022 _a1556-1852
245 0 _aSecurity Studies
260 _bRoutledge
856 _uhttps://www.tandfonline.com/loi/fsst20
942 _2ddc
942 _cTFEJ
999 _c79361
_d79361
945 _a1
_bMadushi Gamage
_c1
_dMadushi Gamage